Olympic turnaround how the Olympic games stepped back from the brink of extincion to become the world's best known brand - and a multi-billion dollar global franchise

Guardado en:
Detalles Bibliográficos
Autor principal: Payne, Michael
Formato: Libro
Lenguaje:inglés
Publicado: Twyford London Business Press 2005
Materias:
Etiquetas: Agregar Etiqueta
Sin Etiquetas, Sea el primero en etiquetar este registro!

MARC

LEADER 00000nam$a2200000$$$4500
001 0105619
005 20241113102431.3
020 |a 0-9550085-0-6 
041 0 |a eng 
044 |a GB 
245 1 0 |a Olympic turnaround  |b how the Olympic games stepped back from the brink of extincion to become the world's best known brand - and a multi-billion dollar global franchise  |c Michael Payne 
264 1 |a Twyford  |b London Business Press  |c 2005 
300 |a xix, 332 s. 
610 2 0 |a šport 
610 2 0 |a hry 
610 2 0 |a hry olympijské 
610 2 0 |a známky ochranné 
610 2 0 |a história 
100 1 |a Payne, Michael